Apuntes de mineralogía y geología : ajustados a los programas vigentes para la materia en las escuelas normales y colegios nacionales de la República Argentina
Gespeichert in:
| 1. Verfasser: | |
|---|---|
| Format: | E-Book |
| Sprache: | Spanisch |
| Erschienen: |
Buenos Aires :
1938.
|
| Ausgabe: | 4ª ed. |
| Katalog: | BNM: Suchergebnis im Bibliothekskatalog |
| Schulbuchspezifische Eigenschaften: |
|
| Schlagworte: | |
| Online-Zugang: | http://www.bnm.me.gov.ar/ebooks/reader/reader.php?inv=00160990&mon=0 |
| Tags: |
Tag hinzufügen
Keine Tags, Fügen Sie den ersten Tag hinzu!
|
| Hinzugefügt zu: | 30.08.2012 |
| Geändert in: | 19.02.2022 |
MARC
| LEADER | 00000cam a22000004a 4500 | ||
|---|---|---|---|
| 003 | AR-BaBNM | ||
| 005 | 20220219200849.0 | ||
| 007 | ta | ||
| 007 | cr ||||||||||| | ||
| 008 | 120831s1938 ag a d |||||||||||spa|d | ||
| 035 | |a 000109364 | ||
| 040 | |a AR-BaBNM |b spa | ||
| 080 | |a S 5 | ||
| 100 | 1 | |a Berardi, Lamberto | |
| 245 | 1 | 0 | |a Apuntes de mineralogía y geología : |b ajustados a los programas vigentes para la materia en las escuelas normales y colegios nacionales de la República Argentina / |c Lamberto Berardi. |
| 250 | |a 4ª ed. | ||
| 260 | |a Buenos Aires : |b Talleres Gráficos Ferrari, |c 1938. | ||
| 300 | |a 397 p. : |b il. | ||
| 650 | 4 | |a Enseñanza de la geología. |a Mineralogía. |a Educación secundaria |9 7637 | |
| 655 | 4 | |a Libros de texto | |
| 856 | 4 | 0 | |u http://www.bnm.me.gov.ar/ebooks/reader/reader.php?inv=00160990&mon=0 |u http://www.bnm.me.gov.ar/giga1/libros/00160990/00160990.pdf |q PDF (406 p.) |
| 997 | |a LIJ | ||
| 942 | |2 udc |c LIBRO | ||
| 999 | |c 135213 |d 135213 | ||
| 994 | |a DIGI-2016 | ||
| 999 | |c KOHA-OAI-TEST:135213 |d 135213 | ||